Sovet ekonomiceskoj vzaimopomosci Atlas (Record no. 389)

MARC details
000 -LEADER
fixed length control field 00538nam a22002057i 4500
001 - CONTROL NUMBER
control field 394
003 - CONTROL NUMBER IDENTIFIER
control field OSt
005 - DATE AND TIME OF LATEST TRANSACTION
control field 20170126082242.0
007 - PHYSICAL DESCRIPTION FIXED FIELD--GENERAL INFORMATION
fixed length control field tu
008 - FIXED-LENGTH DATA ELEMENTS--GENERAL INFORMATION
fixed length control field 161220s1986 xxu||||| |||| 00| 0 d
024 7# - OTHER STANDARD IDENTIFIER
Standard number or code 393
Source of number or code RID
040 ## - CATALOGING SOURCE
Transcribing agency OSt
084 ## - OTHER CLASSIFICATION NUMBER
Classification number 23.3
-- 11.45
Number source z
110 2# - MAIN ENTRY--CORPORATE NAME
Corporate name or jurisdiction name as entry element Glavnoje upravlenije geodezii i kartografii pri Sov. min.
Relator term Ed.
242 00 - TRANSLATION OF TITLE BY CATALOGING AGENCY
Title Rat der gegenseitigen Wirtschaftshilfe.Atlas
245 00 - TITLE STATEMENT
Title Sovet ekonomiceskoj vzaimopomosci Atlas
260 ## - PUBLICATION, DISTRIBUTION, ETC.
Place of publication, distribution, etc. Moskva,
Date of publication, distribution, etc. 1986.
300 ## - PHYSICAL DESCRIPTION
Extent 80 S. ;
Dimensions 30cm.
651 ## - SUBJECT ADDED ENTRY--GEOGRAPHIC NAME
Geographic name Eastern Europe
942 ## - ADDED ENTRY ELEMENTS (KOHA)
Koha item type Book
Holdings
Withdrawn status Lost status Damaged status Not for loan Home library Current library Shelving location Date acquired Inventory number Total Checkouts Full call number Barcode Date last seen Price effective from Koha item type
        WIIW WIIW Souterrain 06/19/1992 394   II-4.882 300392 01/26/2017 01/26/2017 Book
The Vienna Instiute for International Economic Studies (wiiw)